书目信息 |
| 题名: |
有机合成工艺研究与开发
|
|
| 作者: | 安德森 著 ;陈芬儿 主译 | |
| 分册: | ||
| 出版信息: | 北京 化学工业出版社 2018 |
|
| 页数: | 390页 | |
| 开本: | 25cm | |
| 丛书名: | ||
| 单 册: | ||
| 中图分类: | TQ206 | |
| 科图分类: | ||
| 主题词: | 有机合成--You ji he cheng--工艺学 | |
| 电子资源: | ||
| ISBN: | 978-7-122-31792-6 | |
| 000 | 02118nam0 2200313 450 | |
| 001 | 012001003903 | |
| 005 | 20131106113159.0 | |
| 010 | @a978-7-122-31792-6@dCNY148.00 | |
| 099 | @aCAL 012018107772 | |
| 100 | @a20180807d2018 em y0chiy50 ea | |
| 101 | 1 | @achi@ceng |
| 102 | @aCN@b110000 | |
| 105 | @aak a 000yy | |
| 106 | @ar | |
| 200 | 1 | @a有机合成工艺研究与开发@Ayou ji he cheng gong yi yan jiu yu kai fa@f(美) 尼尔 G. 安德森著@d= Practical process research and development@ea guide for organic chemists@fNeal G. Anderson@g陈芬儿主译@zeng |
| 210 | @a北京@c化学工业出版社@d2018 | |
| 215 | @a390页@c图@d25cm | |
| 305 | @a译自原书第2版 | |
| 306 | @a本书简体中文版由Elsevier (Singapore) Pte Ltd.授权化学工业出版社在中国大陆地区 (不包括香港、澳门特别行政区以及台湾地区) 出版与发行 | |
| 314 | @a尼尔 G. 安德森 (Neal G. Anderson) 博士, 曾在制药行业的化学工艺研发部门工作过30多年。他从伊利诺斯大学获得学士学位, 从密歇根赶学获得药物化学博士学位, 并在麦克尼尔实验室完成了博士后研究。 | |
| 320 | @a有书目 | |
| 330 | @a快速将一个化合物投放市场并获得利润, 要求制备很大数量的目标化合物和中间体的过程高效且损耗少。快速、成功地工艺开发的关键是避免规模化带来的一系列问题。然而, 对于规模化的阐释在学校或研究院所很少能学到, 它需要在企业历练很多年才能够获得。这本书详细讲解了将目标化合物投放到市场必须经历的所有步骤, 手把手的、一步一步地剖析有机工业开发中出现的可能问题, 包括合成路线、试剂、溶剂的选择, 催化反应的优化, 手性合成以及绿色化学合成。这本书重点强调小分子化学制备中产生稳定的、实用的、节约成本的工艺。它将整个工艺优化分解为路线、试剂、溶剂的选择, 反应条件的开发, 反应后处理, 结晶, 等等。本书集合了作者30多年来在R&D方面的经验, 提供了一个系统的、逐步的解决方法, 适用于制药、精细化学品制造和农用化学品制造业中的有机工艺研发。这也是一条从实验室转向规模化生产的捷径。 | |
| 500 | 10 | @aPractical process research and development : a guide for organic chemists@mChinese |
| 606 | 0 | @a有机合成@AYou ji he cheng@x工艺学 |
| 690 | @aTQ206@v5 | |
| 701 | 1 | @a安德森@Aan de sen@g(Anderson, Neal G.)@4著 |
| 702 | 0 | @a陈芬儿@Achen fen er@4主译 |
| 801 | 0 | @aCN@b上海新华@c20191020 |
| 905 | @b1207066-7@dTQ206@e45@f2 | |
| 有机合成工艺研究与开发/(美) 尼尔 G. 安德森著= Practical process research and development:a guide for organic chemists/Neal G. Anderson/陈芬儿主译.-北京:化学工业出版社,2018 |
| 390页:图;25cm |
| ISBN 978-7-122-31792-6:CNY148.00 |
| 快速将一个化合物投放市场并获得利润, 要求制备很大数量的目标化合物和中间体的过程高效且损耗少。快速、成功地工艺开发的关键是避免规模化带来的一系列问题。然而, 对于规模化的阐释在学校或研究院所很少能学到, 它需要在企业历练很多年才能够获得。这本书详细讲解了将目标化合物投放到市场必须经历的所有步骤, 手把手的、一步一步地剖析有机工业开发中出现的可能问题, 包括合成路线、试剂、溶剂的选择, 催化反应的优化, 手性合成以及绿色化学合成。这本书重点强调小分子化学制备中产生稳定的、实用的、节约成本的工艺。它将整个工艺优化分解为路线、试剂、溶剂的选择, 反应条件的开发, 反应后处理, 结晶, 等等。本书集合了作者30多年来在R&D方面的经验, 提供了一个系统的、逐步的解决方法, 适用于制药、精细化学品制造和农用化学品制造业中的有机工艺研发。这也是一条从实验室转向规模化生产的捷径。 |
| ● |
| 相关链接 |
|
|
|
|
正题名:有机合成工艺研究与开发
索取号:TQ206/45
 
预约/预借
| 序号 | 登录号 | 条形码 | 馆藏地/架位号 | 状态 | 备注 |
| 1 | 1207066 | 212070667 | 第二样本阅览室/ [索取号:TQ206/45] | 在馆 | |
| 2 | 1207067 | 212070676 | 第三借阅区/ [索取号:TQ206/45] | 在馆 |